Loading...
| Religion | 0 | 3 | 1 | 1 | 25 | 111 | 121.00 | 2 | 3 |
| Literature - World Literature | 1 | 1 | 0 | 0 | 25 | 76 | 76.00 | 1 | 2 |
| Literature - European Literature | 0 | 2 | 0 | 1 | 20 | 94 | 116.00 | 1 | 2 |
| Literature - British Literature | 0 | 1 | 0 | 0 | 10 | 116 | 116.00 | 0 | 1 |
| Current Events | 0 | 1 | 0 | 0 | 10 | 125 | 125.00 | 1 | 1 |
| History - European History | 0 | 1 | 0 | 0 | 10 | 113 | 113.00 | 0 | 1 |
| Literature - American Literature | 0 | 1 | 0 | 0 | 10 | 121 | 121.00 | 0 | 1 |
| Mythology | 0 | 1 | 0 | 0 | 10 | 101 | 101.00 | 1 | 1 |
| Philosophy | 0 | 1 | 0 | 0 | 10 | 75 | 75.00 | 0 | 1 |
| Science - Biology | 0 | 1 | 0 | 1 | 10 | 131 | 131.00 | 1 | 1 |
| History - World History | 0 | 1 | 1 | 0 | 5 | 75 | 75.00 | 0 | 1 |
| History - American History | 0 | 1 | 1 | 0 | 5 | 79 | 79.00 | 0 | 1 |
| Social Science | 0 | 0 | 0 | 0 | 0 | 0.00 | 0 | 0 |